000 00651nam a2200241Ia 4500
003 OSt
005 20221007103553.0
006 a|||||r|||| 00| 0
007 ta
008 221006b |||||||| |||| 00| 0 eng d
024 _a13,501
037 _cTextual
040 _aLCO
_cLCO
_beng
041 _2eng
_aeng
082 _aZ73,145Ok5125, L3
100 _aBaumann Carol Edler
_9705242
245 0 _aDiplomatic Kidnappings
260 _aHague
_bMartinus Nijhoff U.S.A.
_c1973
300 _a182
650 _aKIDNAPPING
_9705243
942 _hZ73,145Ok5125, L3
_cTEXL
999 _c1183064
_d1183064